Europäische Länder nach toten Sprachen - Statistiken

Allgemein
  • Dieses Quiz wurde 242 mal gespielt
    205 seit der letzten Aktualisierung
  • Das Durchschnittsergebnis liegt bei 33 aus 43
Antworten auf der Karte
Die Antworten werden auf der Karte rot bzw. grün angezeigt, abhängig davon wie oft sie richtig erraten wurden.
 
Antwortstatistiken
Land Sprachen % Korrekt
Serbien Altkirchenslawisch | Awarisch | Bolgarisch | Dakisch | Dardanisch | Gotisch | Hunnisch | Illyrisch | Langobardisch | Latein
100%
Rumänien Altkirchenslawisch | Awarisch | Bolgarisch | Dakisch | Gotisch | Hunnisch | Iazychie | Latein | Pecheneg | Thrakisch
100%
Ungarn Altkirchenslawisch | Awarisch | Dakisch | Gotisch | Hunnisch | Jassisch | Kumanisch | Langobardisch | Latein | Pecheneg
100%
Kosovo Altkirchenslawisch | Bolgarisch | Dakisch | Dardanisch | Gotisch | Hunnisch | Illyrisch | Latein
100%
Kroatien Altkirchenslawisch | Dalmatisch | Gotisch | Hunnisch | Illyrisch | Langobardisch | Latein | Liburnisch
100%
Bosnien und Herzegowina Altkirchenslawisch | Gotisch | Hunnisch | Illyrisch | Langobardisch | Latein
100%
Italien Äquisch | Bolgarisch | Camunnisch | Elymisch | Etruskisch | Faliskisch | Franko-Italienisch | Gallisch | Gotisch | Hernikisch | Judäo-Piemontesisch | Judäo-Venezianisch | Langobardisch | Lanuvisch | Latein | Lepontisch | Ligurisch | Lukanisch | Marrukinisch | Marsisch | Messapisch | Oskisch | Paläo-Sardisch | Phönizisch | Praenestinisch | Rätisch | Sidicinisch | Sikanisch | Sikulisch | Südpikenisch | Umbrisch | Venetisch | Vestinisch | Volskisch
100%
Andorra Aquitanisch | Gallisch | Gotisch | Latein
100%
Russland Ajem-Türkisch | Akkalasamisch | Alanisch | Altkirchenslawisch | Altpreußisch | Arin | Armeno-Kipchak | Assan | Bolgarisch | Chasarisch | Choresm-Türkisch | Galindisch | Gotisch | Jurakisch | Kimmerisch | Kitanisch | Kjachta-Russisch-Chinesisch | Krimgotisch | Kott | Kumanisch | Latein | Malkh | Matorisch | Merjanisch | Meschtscherisch | Muromisch | Omok | Pecheneg | Pumpokol | Sabirisch | Schalauisch | Solombala-Englisch | Tschagataisch | Tschuwanisch | Ubych | Wolgatürkisch | Yugh
99%
Ukraine Alanisch | Altkirchenslawisch | Awarisch | Bolgarisch | Chasarisch | Choresm-Türkisch | Dakisch | Hunnisch | Iazychie | Kumanisch | Latein | Pecheneg | Ruthenisch | Skirisch
99%
Slowakei Altkirchenslawisch | Awarisch | Hunnisch | Iazychie | Langobardisch | Latein | Ruthenisch
99%
Frankreich Aquitanisch | Burgundisch | Gallisch | Iberisch | Judäo-Provençal | Latein | Lepontisch | Ligurisch | Paläo-Korsisch | Zarfatisch
99%
Spanien Aquitanisch | Galicisch-Portugiesisch | Gallaezisch | Gotisch | Guanche | Iberisch | Judäo-Aragonesisch | Judäo-Katalanisch | Keltiberisch | Latein | Lusitanisch | Mozarabisch | Navarro-Aragonesisch | Phönizisch | Tartessisch | Vandalisch
99%
Luxemburg Burgundisch | Gallisch | Latein
99%
Schweiz Burgundisch | Gallisch | Latein | Rätisch
99%
Albanien Dardanisch | Gotisch | Illyrisch | Latein
99%
Montenegro Dardanisch | Gotisch | Illyrisch | Latein
99%
Vatikanstadt Etruskisch | Faliskisch | Gotisch | Langobardisch | Latein
99%
Portugal Galicisch-Portugiesisch | Gallaezisch | Gotisch | Judäo-Portugiesisch | Latein | Lusitanisch | Mozarabisch | Tartessisch
99%
Belgien Gallisch | Latein
99%
Niederlande Gallisch | Latein
99%
Liechtenstein Gallisch | Latein | Rätisch
99%
San Marino Gotisch | Langobardisch | Latein | Umbrisch
99%
Monaco Gotisch | Latein | Ligurisch | Phönizisch
99%
Österreich Altkirchenslawisch | Awarisch | Herulisch | Hunnisch | Langobardisch | Latein | Norisch | Rätisch
98%
Nordmazedonien Altkirchenslawisch | Bolgarisch | Dardanisch | Illyrisch | Latein | Makedonisch | Paeonisch
98%
Griechenland Altkirchenslawisch | Bolgarisch | Eteokretisch | Latein | Lemnisch | Lingua Franca | Makedonisch | Minoisch | Paeonisch | Pelasgisch | Thrakisch
98%
Vereinigtes Königreich Kornisch | Kumbrisch | Latein | Norn | Old Kentish Sign Language | Piktisch
98%
Bulgarien Altkirchenslawisch | Bolgarisch | Latein | Paeonisch | Phrygisch | Thrakisch
97%
Deutschland Altkirchenslawisch | Burgundisch | Knaanisch | Latein | Polabisch | Rätisch | Slowinzisch | Suebisch | Zarfatisch
97%
Slowenien Altkirchenslawisch | Latein | Langobardisch | Norisch
97%
Malta Latein | Phönizisch
97%
Moldawien Altkirchenslawisch | Choresm-Türkisch | Dakisch | Hunnisch | Kumanisch | Pecheneg
21%
Polen Altkirchenslawisch | Altpreußisch | Awarisch | Galindisch | Iazychie | Jatwingisch | Knaanisch | Slowinzisch
19%
Tschechien Altkirchenslawisch | Awarisch | Knaanisch
18%
Belarus Altkirchenslawisch | Jatwingisch | Ruthenisch
17%
Finnland Altkirchenslawisch | Kainuusamisch | Kemisamisch
15%
Litauen Altpreußisch | Jatwingisch | Kurisch | Schalauisch | Selonisch | Semgallisch
8%
Lettland Krevinisch | Kurisch | Livisch | Selonisch | Semgallisch
7%
Island Baskisch-Isländisch
0%
Schweden Borgarmålet
0%
Dänemark Grönländisch-Nordisch
0%
Norwegen Russenorsk
0%
Keine übereinstimmenden Quizze gefunden
Verteilung der Resultate
Anzahl Personen mit jedem Resultat
Perzentil nach korrekt beantworteten Fragen
Ihre Resultats-Entwicklung
Sie haben dieses Quiz seit der letzten Aktualisierung nicht gespielt